Missing Word: Car Brands Quiz Stats

 Plays Quiz Updated Jun 9, 2012

Support Sporcle.
Go Orange.
Score 0/27 Timer 02:00
0 Plays Today
Brand % Correct
Honda
98.9%
Ford
93.3%
Volkswagen
92.2%
Toyota
88.6%
Dodge
80.2%
Chevrolet
80.2%
Mini
78.4%
Jeep
76.9%
Hyundai
67.7%
Nissan
66.8%
Mazda
57.1%
Porsche
53.9%
Subaru
53.4%
Ferrari
43.9%
Brand % Correct
Mitsubishi
42.9%
Fiat
40.3%
Chrysler
40%
Saturn
38.8%
Rolls-Royce
33.5%
Lamborghini
30.8%
Suzuki
27.9%
Buick
26.7%
Pontiac
24.1%
Lexus
21.3%
Lotus
21.2%
Shelby
18.9%
Bentley
16.1%

Today's Daily Dose

You're not logged in!

Compare scores with friends on all Sporcle quizzes.
OR
Log In

From the Vault

Remove Ads.
Support Sporcle.
Get the best of Sporcle when you Go Orange. This ad-free experience offers more features, more stats, and more fun while also helping to support Sporcle. Thank you for becoming a member.

Show Comments

Extras

Top Quizzes Today


Score Distribution

Your Account Isn't Verified!

In order to create a playlist on Sporcle, you need to verify the email address you used during registration. Go to your Sporcle Settings to finish the process.

Report this User

Report this user for behavior that violates our Community Guidelines.

Details: